[Event "Budapest Art Pub Cup 3rd"]
[Site "Budapest"]
[Date "2014.01.05"]
[Round "6"]
[White "Fogarasi, Gabor"]
[Black "Gyurkovics, Miklos"]
[Result "0-1"]
[WhiteElo "1908"]
[BlackElo "2145"]
[PlyCount "92"]
[EventDate "2014.01.02"]
[EventType "swiss"]
[EventRounds "7"]
[EventCountry "HUN"]
[SourceTitle "CBM 158 Extra"]
[Source "ChessBase"]
[SourceDate "2014.02.28"]
[SourceVersion "1"]
[SourceVersionDate "2014.02.28"]
[SourceQuality "1"]

1. e4 c5 2. Nf3 g6 3. d4 Bg7 4. c3 cxd4 5. cxd4 d5 6. Bb5+ Nd7 7. exd5 Ngf6 8. Nc3 0-0 9. Bxd7 Qxd7 10. Qb3 Rd8 11. Ne5 Qf5 12. f3 h5 13. h3 h4 14. 0-0 Ne8 15. Re1 Nd6 16. Nb5 Bd7 17. a4 Rac8 18. Nxa7 Rc2 19. Nb5 Rxg2+ 20. Kxg2 Qxh3+ 21. Kf2 Qh2+ 22. Ke3 Bf5 23. Ng4 Bxg4 24. Kd3 Bf5+ 25. Kc3 Bc2 26. Qa3 Rc8+ 27. Kb4 Rc4+ 28. Ka5 b6+ 29. Ka6 Rxa4+ 30. Qxa4 Bxa4 31. Rxa4 Qc2 32. Nc3 b5 33. Rb4 Qf5 34. Nxb5 Qxd5 35. Nxd6 exd6 36. Bd2 Qxf3 37. Bc3 h3 38. Ra4 Qc6+ 39. Ka5 h2 40. Raa1 Bf6 41. Kb4 g5 42. Rad1 d5 43. Rh1 g4 44. Rxh2 Qd6+ 45. Ka5 Qxh2 46. Bd2 Qe2 0-1

[Event "Budapest Art Pub Cup 3rd"]
[Site "Budapest"]
[Date "2014.01.04"]
[Round "5"]
[White "Ambrus, Bence"]
[Black "Fogarasi, Gabor"]
[Result "0-1"]
[WhiteElo "1595"]
[BlackElo "1908"]
[PlyCount "49"]
[EventDate "2014.01.02"]
[EventType "swiss"]
[EventRounds "7"]
[EventCountry "HUN"]
[SourceTitle "CBM 158 Extra"]
[Source "ChessBase"]
[SourceDate "2014.02.28"]
[SourceVersion "1"]
[SourceVersionDate "2014.02.28"]
[SourceQuality "1"]

1. e4 e5 2. Nf3 Nc6 3. d4 exd4 4. Nxd4 Qf6 5. Be3 Bc5 6. c3 Nge7 7. Qd2 h6 8. Nb5 Bxe3 9. Qxe3 Kd8 10. Nd2 a6 11. Nd4 Re8 12. 0-0-0 Ne5 13. h3 d6 14. N2f3 N5g6 15. Bd3 Nd5 16. Qd2 Ndf4 17. Rhg1 Nxd3+ 18. Qxd3 Qf4+ 19. Nd2 Qxf2 20. Rdf1 Ne5 21. Qc2 Qe3 22. Rd1 c6 23. Rge1 Nd3+ 24. Kb1 Nxe1 25. Nc4 0-1

[Event "Budapest Art Pub Cup 3rd"]
[Site "Budapest"]
[Date "2014.01.03"]
[Round "3"]
[White "Medve, Mark"]
[Black "Fogarasi, Gabor"]
[Result "1/2-1/2"]
[WhiteElo "2053"]
[BlackElo "1908"]
[PlyCount "93"]
[EventDate "2014.01.02"]
[EventType "swiss"]
[EventRounds "7"]
[EventCountry "HUN"]
[SourceTitle "CBM 158 Extra"]
[Source "ChessBase"]
[SourceDate "2014.02.28"]
[SourceVersion "1"]
[SourceVersionDate "2014.02.28"]
[SourceQuality "1"]

1. d4 d5 2. c4 e6 3. Nf3 Nf6 4. Nc3 c5 5. cxd5 Nxd5 6. e4 Nxc3 7. bxc3 Bd7 8. a3 Nc6 9. Be3 Qa5 10. Qd2 Rd8 11. Be2 cxd4 12. cxd4 Bb4 13. axb4 Qxa1+ 14. Bd1 Qa3 15. b5 Nb4 16. Be2 Qa1+ 17. Qc1 Qxc1+ 18. Bxc1 Rc8 19. 0-0 Na2 20. Bd2 Nc3 21. Bxc3 Rxc3 22. Ra1 0-0 23. Ne5 Rd8 24. g3 f6 25. Nxd7 Rxd7 26. Bg4 Rd6 27. Rxa7 Rb6 28. d5 exd5 29. exd5 Rd3 30. Bc8 Rxb5 31. Rxb7 Rxb7 32. Bxb7 Kf7 33. h4 h6 34. Kg2 f5 35. Ba6 Rd4 36. Bb7 Kf6 37. Kf3 g5 38. hxg5+ hxg5 39. Bc6 Ke5 40. Bb7 Rb4 41. Bc6 g4+ 42. Kg2 Kd6 43. Kg1 Rd4 44. Kg2 Rd1 45. Bb7 Rxd5 46. Bxd5 Kxd5 47. Kg1 1/2-1/2

[Event "Budapest-chT1 Lilienthal 1112"]
[Site "Budapest"]
[Date "2012.04.29"]
[Round "11"]
[White "Fulop, Szabolcs"]
[Black "Fogarasi, Gabor"]
[Result "1-0"]
[WhiteElo "1896"]
[BlackElo "1914"]
[PlyCount "59"]
[EventDate "2011.10.02"]
[EventType "team-tourn"]
[EventRounds "11"]
[EventCountry "HUN"]
[SourceTitle "EXT 2020"]
[Source "ChessBase"]
[SourceDate "2019.10.17"]
[SourceVersion "1"]
[SourceVersionDate "2019.10.17"]
[SourceQuality "1"]
[WhiteTeam "Barcza GSC"]
[BlackTeam "Hid Unio"]
[WhiteTeamCountry "HUN"]
[BlackTeamCountry "HUN"]

1. d4 d5 2. Nf3 Bf5 3. Bf4 Nf6 4. e3 Nh5 5. Bd3 Nxf4 6. exf4 Bc8 7. Ne5 g6 8. f5 Qd6 9. fxg6 hxg6 10. Nc3 a6 11. Qf3 f5 12. Qxd5 Qxd5 13. Nxd5 Kd8 14. Nf7+ Kd7 15. Nxh8 Kd6 16. Nxg6 Kxd5 17. Nxf8 Kxd4 18. 0-0-0 Kc5 19. Rhe1 Nc6 20. Ne6+ Bxe6 21. Rxe6 f4 22. Be4 Rg8 23. Bxc6 bxc6 24. g3 fxg3 25. hxg3 Rf8 26. f4 Rg8 27. Rd3 Rg7 28. Rc3+ Kd5 29. Re5+ Kd6 30. Rd3# 1-0